| 000 | 00564nam a2200193 a 4500 | ||
|---|---|---|---|
| 001 | 5850 | ||
| 003 | CDMR | ||
| 005 | 20131025134127.0 | ||
| 008 | 130220s2004||||||||||||||||||||||||||||d | ||
| 040 |
_aCDMR _bcat _cCDMR |
||
| 100 | 1 |
_aCouso, José _92874 |
|
| 245 | 1 | 0 |
_aJosé Couso _b: la mirada incómoda _cJavier Couso [Pròleg] |
| 250 | _a2a ed. | ||
| 260 |
_a[Madrid] _bHermanos, compañeros y amigos de José Couso _c[2004] |
||
| 300 |
_a174 p. ; _c17 cm |
||
| 650 | 0 | 4 |
_92560 _aCorresponsals de guerra |
| 650 | 0 | 4 |
_93582 _aGuerra d'Iraq, 2003-2011 |
| 942 |
_cMON _2udc |
||
| 999 |
_c5850 _d5850 |
||